00435nas a2200121 4500000000100000008004100001260003600042100001100078245014100089856005200230490000600282022002500288 2019 d bKorean Society of Global Health1 aKim ES00aComprehensive NTD elimination project in Mayuge district, Uganda to effectively eliminate schistosomiasis and soil-transmitted helminths uhttps://e-jghs.org/pdf/10.35500/jghs.2019.1.e350 v1 a2671-6925, 2671-6933